01503 2200265 4500001002100000005001500021035002000036007000300056008004100059020001800100082001200118084001900130100003100149245010700180250002000287300001400307650001300321520075300334600001601087264004401103336002101147337003001168338002301198990001601221INLIS00000000000197120260701030816 a0010-0726000049ta260701 g 0 ind  a9786020226194 a005.369 a005.369 WAH m0 aWahana KomputerePengarang1 aMicrosoft visio untuk desain diagram dan flowchart :bdalam kandungan secara islami /cWahana Komputer aCetakan Pertama a201 ;c21 4aKomputer aPenggunaan Microsoft Visio sangat mudah untuk membuat beragam diagram dan flowchart. Yang perlu Anda lakukan hanya klik dan drag shape-shape dari dalam stensil ke halaman gambar kemudian menghubungkannya. Microsoft Visio juga kompatibel dengan aplikasi Microsoft Office lainnya sehingga rancangan yang didesain lewat Microsoft Visio dapat disisipkan ke dalam program Office seperti Microsoft Word, Excel, dan PowerPoint. Buku ini membahas penggunaan Microsoft Visio untuk membuat beragam diagram dan flowchart. Berbagai fasilitas dan template yang lengkap akan dijelaskan melalui beberapa contoh latihan. Diharapkan setelah membaca buku ini Anda dapat lebih optimal dalam menggunakan Microsoft Visio untuk membuat berbagai diagram dan flowchart. 4aPemrograman aJakarta :bElex Media Komputindo,c2013 2rdacontentaTeks 2rdamediaaTanpa Perantara 2rdacarrieraVolume aPP000419/19